000 00346pam a2200157a 44500
008 230515b2007 xxu||||| |||| 00| 0 eng d
020 _aNULL
041 _aENGLISH
082 _a541.2 DAS
100 _aDAS BRAJA M
245 _aTHEORETICAL FOUNDATION ENGINEERING
250 _a1
260 _a
_bNA
_c2007
300 _a440
650 _aNULL
999 _c639896
_d639896